| 000 | 00515nam a22001571 4500 | ||
|---|---|---|---|
| 082 | 0 |
_a511.5 _bDAV _cL-2, P-9 |
|
| 100 | 1 |
_aDavis, Dale S. _939107 |
|
| 245 | 1 | 0 |
_aEmpirical equations and nomography, _cby Dale S. Davis... |
| 250 | _a1st ed. | ||
| 260 |
_aNew York, _aLondon, _bMcGraw-Hill book company, inc., _c1943. |
||
| 300 |
_aix, 200 p. incl. illus., tables, diagrs. _c24 cm. |
||
| 526 |
_a0 _b0 _c0 _d511_500000000000000_DAV |
||
| 650 | 0 |
_aMCE _9379 |
|
| 650 | 0 |
_aNomography (Mathematics) _939066 |
|
| 942 |
_2ddc _cBK |
||
| 999 |
_c543657 _d543657 |
||